| 000 | 01000nam a22003137a 4500 | ||
|---|---|---|---|
| 003 | CHAP | ||
| 005 | 20220329135425.0 | ||
| 008 | 971013s1982 r 00010 d | ||
| 010 | _a36234 | ||
| 011 | _a37206 | ||
| 035 | _a41325 | ||
| 040 | _cCHAP | ||
| 090 | _aFolleto 10439 | ||
| 100 | 0 | 0 |
_aOrlandi, Alberto. _983594 |
| 245 | _aAmérica Latina y la economía mundial del café | ||
| 260 |
_aSantiago de Chile : _bNaciones Unidas, _c1982 |
||
| 300 |
_a104 p. _b: ilus. |
||
| 490 |
_aCuadernos de la CEPAL _v; 42 |
||
| 590 |
_aBATCH-UPD _b10 _c20130110 _lUCH01 _h2031 |
||
| 590 |
_aBATCH-UPD _b10 _c20130410 _lUCH01 _h1347 |
||
| 590 |
_aBATCH-UPD _b10 _c20130914 _lUCH01 _h0810 |
||
| 590 |
_aCONVERSION _b10 _c20130109 _lUCH01 _h1320 |
||
| 650 | 1 | 4 |
_aCafé _xAspectos económicos _xAmérica Latina. _917092 |
| 650 | 1 | 4 |
_aCafé _xMercadeo. _917169 |
| 830 | 0 |
_aCuadernos de la CEPAL _v; 42 _929797 |
|
| 901 | _aBK | ||
| 942 | _cFOLL | ||
| 949 |
_aFolleto 10439 _bBC _cFOLL _d-94552 _eTS1 _gI. 130603 _i41325 _si |
||
| 999 |
_c36234 _d36234 |
||